| 000 | 00656nam a2200181Ia 4500 | ||
|---|---|---|---|
| 008 | 081213s9999 xx 000 0 und d | ||
| 020 | _a9966936009 | ||
| 050 |
_aBV4447 _b.M38 1998 |
||
| 100 | _aMbutu, Paul M. | ||
| 245 |
_aNairobi youth survey: _ba summary report challenges to the churches _cPaul M. Mbutu, P. Emil Chndran and Larry Niemeyer |
||
| 260 |
_c1998 _aNairobi _bDaystar University |
||
| 300 |
_avi, 56p.; _c23 cm. |
||
| 500 | _abased on the study "Nairobi youth survey" conducted by Daystar University | ||
| 650 | _aYOUTH - RELIGIOUS ASPECTS- CHRISTIANITY | ||
| 700 | _qChandran, P. Emil | ||
| 700 | _qNiemeyer, Larry | ||
| 942 |
_cBK _2lcc |
||
| 999 |
_c14831 _d14831 |
||